Classical extraction of polyphenolic compounds from industrial hemp - Cannabis sativa L.

Elmentve itt :
Bibliográfiai részletek
Szerzők: Drinić Zorica
Vladić Jelena
Koren Anamarija
Kiprovski Biljana
Mišan Aleksandra
Vidović Senka
Testületi szerző: International Symposium on Analytical and Environmental Problems (25.) (2019) (Szeged)
Dokumentumtípus: Könyv része
Megjelent: 2019
Sorozat:Proceedings of the International Symposium on Analytical and Environmental Problems
Kulcsszavak:Növénykémia - előadáskivonat, Biotechnológia - előadáskivonat
Online Access:http://acta.bibl.u-szeged.hu/64801
LEADER 01053naa a2200253 i 4500
001 acta64801
005 20260224081030.0
008 200318s2019 hu o 100 eng d
020 |a 978-963-306-702-4 
040 |a SZTE Egyetemi Kiadványok Repozitórium  |b hun 
041 |a eng 
100 1 |a Drinić Zorica 
245 1 0 |a Classical extraction of polyphenolic compounds from industrial hemp - Cannabis sativa L.  |h [elektronikus dokumentum] /  |c  Drinić Zorica 
260 |c 2019 
300 |a 128 
490 0 |a Proceedings of the International Symposium on Analytical and Environmental Problems 
695 |a Növénykémia - előadáskivonat, Biotechnológia - előadáskivonat 
700 0 1 |a Vladić Jelena  |e aut 
700 0 1 |a Koren Anamarija  |e aut 
700 0 1 |a Kiprovski Biljana  |e aut 
700 0 1 |a Mišan Aleksandra  |e aut 
700 0 1 |a Vidović Senka  |e aut 
710 |a International Symposium on Analytical and Environmental Problems (25.) (2019) (Szeged) 
856 4 0 |u http://acta.bibl.u-szeged.hu/64801/1/proceedings_of_isaep_2019_128.pdf  |z Dokumentum-elérés